[Event "Kopavogur Baldursson Memorial"]
[Site "Kopavogur"]
[Date "2018.01.05"]
[Round "4"]
[White "Jappinen, Erland"]
[Black "Jonsson, Gauti Pall"]
[Result "1/2-1/2"]
[WhiteElo "2026"]
[BlackElo "2161"]
[PlyCount "77"]
[EventDate "2018.01.04"]
[EventType "swiss"]
[EventRounds "7"]
[EventCountry "ISL"]
[SourceTitle "CBM 182 Extra"]
[Source "ChessBase"]
[SourceDate "2018.02.23"]
[SourceVersion "1"]
[SourceVersionDate "2018.02.23"]
[SourceQuality "1"]

1. Nf3 e6 2. d4 f5 3. g3 Nf6 4. Bg2 Be7 5. c4 d6 6. 0-0 0-0 7. Nc3 a5 8. Qc2 Nc6 9. a3 e5 10. dxe5 dxe5 11. Rd1 Qe8 12. e4 Qh5 13. Nd5 Bd8 14. Bg5 fxe4 15. Bxf6 exf3 16. Bxd8 Nxd8 17. Bf1 Ne6 18. Ne7+ Kh8 19. Nxc8 Raxc8 20. Qe4 Ng5 21. Qe3 Qg4 22. Rd5 Rce8 23. Re1 Re6 24. h4 Nh3+ 25. Kh2 Nf4 26. Rxe5 Ng2 27. Bxg2 Rxe5 28. Qxe5 fxg2 29. Qe2 Qd7 30. Kxg2 Qc6+ 31. Qe4 Qb6 32. Re2 h6 33. Qe7 Qc6+ 34. Qe4 Qb6 35. Kg1 a4 36. Kg2 Qb3 37. g4 Qb6 38. g5 Qd6 39. Qe5 1/2-1/2

[Event "Uppsala Young Champions"]
[Site "Uppsala"]
[Date "2017.10.28"]
[Round "3"]
[White "Carlsson, Ludvig"]
[Black "Jappinen, Erland"]
[Result "1-0"]
[WhiteElo "2096"]
[BlackElo "1930"]
[PlyCount "95"]
[EventDate "2017.10.27"]
[EventType "swiss"]
[EventRounds "9"]
[EventCountry "SWE"]
[SourceTitle "CBM 181 Extra"]
[Source "ChessBase"]
[SourceDate "2017.12.12"]
[SourceVersion "1"]
[SourceVersionDate "2017.12.12"]
[SourceQuality "1"]

1. d4 Nf6 2. Nf3 d5 3. e3 e6 4. Bd3 Bd6 5. 0-0 0-0 6. b3 b6 7. Bb2 Bb7 8. Nbd2 Nbd7 9. c4 c6 10. Ne5 Qe7 11. Qf3 Rad8 12. Qh3 Ba3 13. Bc3 Bb4 14. Rac1 Bxc3 15. Rxc3 Qb4 16. Rfc1 h6 17. Ndf3 Nxe5 18. Nxe5 Qa3 19. R3c2 Rc8 20. Ng4 Nxg4 21. Qxg4 dxc4 22. Bxc4 c5 23. Bf1 cxd4 24. Qd1 Rxc2 25. Rxc2 dxe3 26. fxe3 Be4 27. Rf2 Qc5 28. Qd7 a5 29. Qd2 Rc8 30. a4 Qd5 31. Qb2 Rd8 32. b4 Bg6 33. bxa5 Qxa5 34. Qb3 Rc8 35. Rb2 Rc3 36. Qxb6 Qxa4 37. Qd8+ Kh7 38. Rb8 Be4 39. Qh8+ Kg6 40. Rg8 Rxe3 41. Rxg7+ Kf5 42. Rxf7+ Kg5 43. Qf6+ Kh5 44. g4+ Kxg4 45. Rg7+ Kh5 46. Qf7+ Kh4 47. Qf4+ Kh5 48. Qg4# 1-0

[Event "Uppsala Young Champions op"]
[Site "Uppsala"]
[Date "2016.10.31"]
[Round "6"]
[White "Jappinen, Erland"]
[Black "Carlsson, Ludvig"]
[Result "0-1"]
[WhiteElo "1768"]
[BlackElo "2013"]
[PlyCount "100"]
[EventDate "2016.10.28"]
[EventType "swiss"]
[EventRounds "9"]
[EventCountry "SWE"]
[SourceTitle "CBM 175 Extra"]
[Source "ChessBase"]
[SourceDate "2016.12.12"]
[SourceVersion "1"]
[SourceVersionDate "2016.12.12"]
[SourceQuality "1"]

1. d4 d5 2. c4 c6 3. Nc3 Nf6 4. e3 Bf5 5. cxd5 cxd5 6. Qb3 Nc6 7. Qxb7 Bd7 8. Qb3 Rb8 9. Qd1 e5 10. dxe5 Nxe5 11. Be2 Bd6 12. Nf3 0-0 13. 0-0 Qc7 14. h3 Rfc8 15. Nd4 Nc4 16. Bxc4 Qxc4 17. Qe2 Qb4 18. a3 Qc5 19. Rd1 Ne4 20. Rd3 Qa5 21. Na2 Qc7 22. Nc3 Qa5 23. Na2 Qa6 24. Rc3 Qxe2 25. Rxc8+ Rxc8 26. Nxe2 Rc2 27. Nd4 Rxf2 28. Nc3 Bxh3 29. Nxe4 Rxg2+ 30. Kh1 dxe4 31. b4 Rf2 32. Bb2 Rxb2 33. Nb5 Be5 34. Rd1 g5 35. Nxa7 g4 36. Nc6 Bc7 37. a4 Bg2+ 38. Kg1 Bf3 39. Rc1 Bd6 40. Nd4 Bxb4 41. Nf5 h5 42. Rc8+ Kh7 43. Rc7 Rb1+ 44. Kh2 Kg6 45. Nh4+ Kg5 46. Nxf3+ exf3 47. Rxf7 Bd6+ 48. Rf4 Bxf4+ 49. exf4+ Kh4 50. f5 g3# 0-1

[Event "SWE-chT U16 final"]
[Site "Lund"]
[Date "2016.08.14"]
[Round "5.2"]
[White "Nord, Alexander"]
[Black "Jappinen, Erland"]
[Result "0-1"]
[WhiteElo "1615"]
[BlackElo "1785"]
[PlyCount "64"]
[EventDate "2016.08.12"]
[EventType "team-tourn"]
[EventRounds "5"]
[EventCountry "SWE"]
[SourceTitle "EXT 2019"]
[Source "ChessBase"]
[SourceDate "2018.10.10"]
[SourceVersion "1"]
[SourceVersionDate "2018.10.10"]
[SourceQuality "1"]
[WhiteTeam "Lund"]
[BlackTeam "Upsala"]
[WhiteTeamCountry "SWE"]
[BlackTeamCountry "SWE"]

1. e4 c6 2. d4 d5 3. Nc3 dxe4 4. Nxe4 Bf5 5. Ng3 Bg6 6. Nf3 Nd7 7. h4 h6 8. h5 Bh7 9. Bd3 Bxd3 10. Qxd3 e6 11. Bd2 Ngf6 12. 0-0-0 Be7 13. c4 0-0 14. Bc3 Qc7 15. Kb1 Rfd8 16. Qc2 b5 17. c5 Nd5 18. Ne4 N7f6 19. Nxf6+ Bxf6 20. g4 Qf4 21. Qe2 Nxc3+ 22. bxc3 Qxg4 23. Rdg1 Qf5+ 24. Kc1 b4 25. Nh4 Bg5+ 26. Rxg5 Qxg5+ 27. Kd1 Qxc5 28. Rg1 Qxc3 29. Rxg7+ Kxg7 30. Qe5+ Kh7 31. Qe4+ Kg8 32. Qg4+ Kh8 0-1

[Event "Uppsala Young Champions op"]
[Site "Uppsala"]
[Date "2015.10.31"]
[Round "5"]
[White "Fossan, Andreas"]
[Black "Jappinen, Erland"]
[Result "1-0"]
[WhiteElo "1911"]
[BlackElo "1729"]
[PlyCount "68"]
[EventDate "2015.10.29"]
[EventType "swiss"]
[EventRounds "7"]
[EventCountry "SWE"]
[SourceTitle "CBM 169 Extra"]
[Source "ChessBase"]
[SourceDate "2015.12.18"]
[SourceVersion "1"]
[SourceVersionDate "2015.12.18"]
[SourceQuality "1"]

1. d4 d5 2. c4 e6 3. Nc3 Nf6 4. cxd5 exd5 5. Bg5 c6 6. Qc2 Nbd7 7. e3 Bd6 8. Bd3 h6 9. Bh4 0-0 10. Nge2 Re8 11. Bg3 Nf8 12. 0-0 Ne6 13. Rad1 Ng5 14. a3 Nge4 15. Bxd6 Qxd6 16. Nxe4 Nxe4 17. f3 Nf6 18. e4 dxe4 19. fxe4 Ng4 20. e5 Qd8 21. Rf3 Qb6 22. Kh1 Qd8 23. h3 Qh4 24. Kg1 h5 25. hxg4 Bxg4 26. Rf4 Qg5 27. Rdf1 Bh3 28. Nc3 c5 29. Ne4 Qd8 30. Nd6 cxd4 31. gxh3 Qg5+ 32. Qg2 Qxe5 33. Nc4 Qc5 34. Rxf7 Re7 1-0